00589nam a22001697a 450000500170000001000150001702000260003203500140005803700140007208200180008610000170010424501170012126000510023827000680028930000260035750000360038320200109105816.0 aENG-127302 c1495.00a978019946819 aEN-110834 bDBAD/PUB. a305.891411068 aDesai,Ashwin aA History of the Present :cby Ashwin Desa, [and] Goolam Vahedba biography of india South Africans 1994-2019 / aNew Delhiboxford University press 2019.c2019 a22 workspace,2nd floor,1/22 Asaf Ali Road .bNew Delhie110002 aviii,390p.c22cm.(hb) aIt includes Bibliography index